header

Arcady's goal (Record no. 264953)

MARC details
000 -LEADER
fixed length control field 00223nam a22000977a 4500
020 ## - INTERNATIONAL STANDARD BOOK NUMBER
ISBN 97805098440
100 ## - MAIN ENTRY--AUTHOR NAME
Personal name Yelchin Eugene,
245 ## - TITLE STATEMENT
Title Arcady's goal
260 ## - PUBLICATION, DISTRIBUTION, ETC. (IMPRINT)
Place of publication New York
Name of publisher Henry Holt and Company
Year of publication 2014
942 ## - ADDED ENTRY ELEMENTS (KOHA)
Koha item type Long Loan Books
Holdings
Withdrawn status Lost status Collection code Home library Current library Shelving location Date acquired Accession Number Koha item type
    Fiction Rongo University Library Rongo University Library Children's Area 15/08/2025 CL20222159 Long Loan Books

© 2026 Rongo University
Contact us: librarian | system librarian | Rongo university